Obras de don Joaquín García Icazbalceta : opúsculos varios 6 /

Décimo tomo de las obras de Joaquín García Icazbalceta (1825-1894), erudito mexicano reconocido principalmente por sus contribuciones al conocimiento de la historia nacional del siglo XVI, formado con los prólogos y noticias que el autor redactó para sus compilaciones Colección de documentos para la...

Descrición completa

Gardado en:
Detalles Bibliográficos
Autor Principal: García Icazbalceta, Joaquín (autor)
Formato: Libro
Idioma:Lingua castelá
Publicado: México : Imprenta de Victoriano Agüeros, 1899
Series:(Biblioteca de Autores Mexicanos ; 23)
(Obras de Don Joaquín García Icazbalceta ; 10)
Temas:
Etiquetas: Engadir etiqueta
Sen Etiquetas, Sexa o primeiro en etiquetar este rexistro!

MARC

LEADER 00000nam^a2200000^a^4500
001 000117966
005 20250526000000.0
009 20260310094222.84
037 |a Acervo ITESO - Biblioteca 
041 |a ESP 
082 |a 972.  |b GAR V. 10 
100 |a García Icazbalceta, Joaquín  |e (autor) 
240 1 1 |a [Obras de don Joaquín García Icazbalceta] 
245 1 0 |a Obras de don Joaquín García Icazbalceta :  |b opúsculos varios 6 /  |c J. García Icazbalceta. 
264 1 |a México :  |b Imprenta de Victoriano Agüeros,  |c 1899 
300 |a 498 p. ;  |c 18.0 cm. 
336 |a texto  |b txt  |2 rdacontenido 
337 |a sin mediación  |b n  |2 rdamedio 
338 |a volumen  |b nc  |2 rdasoporte 
440 1 |a (Biblioteca de Autores Mexicanos ;  |v 23) 
440 1 |a (Obras de Don Joaquín García Icazbalceta ;  |v 10) 
520 |a Décimo tomo de las obras de Joaquín García Icazbalceta (1825-1894), erudito mexicano reconocido principalmente por sus contribuciones al conocimiento de la historia nacional del siglo XVI, formado con los prólogos y noticias que el autor redactó para sus compilaciones Colección de documentos para la historia de México y Nueva colección de documentos para la historia de México; el laudo arbitral que García Icazbalceta pronunció en la liquidación de la compañía Guerra y Arena y un texto referente a los mártires de la iglesia católica japonesa perseguidos en los años 1617-1632. 
649 |a XX 
650 |a Códices Prehispánicos -  |z México -  |x Historia y Crítica 
650 |a Iglesia Católica en Japón -  |x Historia -  |y Epoca Edo, 1603-1688 
650 |a Iglesia Católica en Japón -  |x Historia -  |y Siglo XVII 
650 |a Iglesia en Japón -  |x Historia -  |y Período Feudal, 1185-1868 
650 |a Catolicismo -  |z Japón -  |x Historia 
650 |a Cristianismo -  |z Japón -  |x Historia -  |x Tema Principal 
650 |a Religión -  |z Japón -  |x Historia 
650 |a México -  |x Historia -  |x Documentos 
650 |a México -  |x Historia -  |y Epoca Prehispánica 
650 |a México -  |x Historia -  |y Siglo XVI 
650 |a México -  |x Historia -  |y Epoca Colonial, 1517-1821 -  |x Tema Principal 
650 |a México -  |x Condiciones Sociales y Culturales 
650 |a México -  |x Condiciones Políticas 
650 |a México -  |x Condiciones Económicas 
910 |a Fondo Salvador Reynoso Reynoso 
920 |a Impresos - Libros 
930 |a Libros Antiguos y Raros 
905 |a 108 
901 |a 0800004510  |b IT2  |c LRA  |u 20250526 
902 |a https://opac.biblio.iteso.mx/vufind/Record/000117966